British Countries and Dependencies - Statistics

General Stats
  • This quiz has been taken 562 times
  • The average score is 15 of 21
Answer Stats
Answer % Correct
England
93%
Scotland
93%
Wales
93%
Northern Ireland
92%
Gibraltar
86%
Isle of Man
86%
Jersey
82%
British Virgin Islands
81%
Guernsey
79%
Falkland Islands
75%
Bermuda
72%
Saint Helena, Ascension and Tristan da Cunha
65%
Cayman Islands
59%
Anguilla
58%
Montserrat
56%
Turks and Caicos Islands
54%
South Georgia and the South Sandwich Islands
52%
British Indian Ocean Territory
51%
Pitcairn Islands
49%
Akrotiri and Dhekelia
46%
British Antarctic Territory
44%
No matching quizzes found
Score Distribution
Percent of People with Each Score
Percentile by Number Answered
Your Score History
You have not taken this quiz